Normal view MARC view
  • Chaudhuri Arun

Entry Personal Name

Number of records used in: 1

001 - CONTROL NUMBER

  • control field: 216206

003 - CONTROL NUMBER IDENTIFIER

  • control field: OSt

005 - DATE AND TIME OF LATEST TRANSACTION

  • control field: 20260108110654.0

008 - FIXED-LENGTH DATA ELEMENTS

  • fixed length control field: 260108|| aca||aabn | a|a d

040 ## - CATALOGING SOURCE

  • Original cataloging agency: OSt
  • Transcribing agency: OSt

100 ## - HEADING--PERSONAL NAME

  • Personal name: Chaudhuri Arun

670 ## - SOURCE DATA FOUND

  • Source citation: Work cat.: (OSt)369752: Chaudhuri Arun, Indian Advertising Laughter & Tears, 2014